00648nam a2200169 i 450000100060000000300090000600500170001500700030003200800410003511100760007624500610015226000710021330000230028485200320030799900170033995201220035646625ES-MaACL20230906161423.0t|030331s1973 sp ||||1| spa d2 aCongreso Interamericano de Municipios (n14º. d1972. cMálaga)939710aCrónica del XIV Congreso Interamericano de Municipios. aMadrid : bInstituto de Estudio de Administración Local, c1973. a1401 p. ; c24 cm. aES-MaACLjC-53832 bR.86774 c46625d46625 00104070aATENEOMbATENEOMcDEPO2d2008-01-17eSCl0oC-53832p1049039r2023-02-23 00:00:00w2023-02-23yMONOGRAFIA